Finde die geheime Kategorie #1 - Statistiken

Allgemein
  • Dieses Quiz wurde 997 mal gespielt
  • Das Durchschnittsergebnis liegt bei 9 aus 20
Antwortstatistiken
1 % Korrekt
Hinterteil Po
87%
Erfolgreiches Online-Warenhaus Amazon
83%
Z. B. Arthur, William, Henry König
82%
Meist praktizierter Job des Mittelalters Bauer
77%
Karte im Skat Dame
75%
Geheime Kategorie Flüsse
68%
Geheime Kategorie Schachfiguren
57%
Olympischer Athlet Läufer
53%
Nachname von Sylvester Stallones Charakter Rocky Balboa
48%
Bezirk von New York Manhattan
45%
Afrikanisches Land Kongo
41%
Spanisches Wort für „Sauce“ Salsa
37%
NATO-Alphabet für „F“ Foxtrott
33%
Geheime Kategorie Tanzstile
33%
Europäisches Land Moldau
27%
Spitzname von Mary I. Bloody Mary
26%
Geheime Kategorie Cocktails
24%
Frauenzeitschrift Cosmopolitan
14%
Kubanische Trommel Konga
5%
Norddeutsche Apfelsorte Martini
2%
Keine übereinstimmenden Quizze gefunden
Verteilung der Resultate
Anzahl Personen mit jedem Resultat
Perzentil nach korrekt beantworteten Fragen
Ihre Resultats-Entwicklung
Sie haben dieses Quiz noch nicht gespielt